[Event "AUTO-ADV-09"]
[Site "http://www.queenalice.com/game.php?id=3070"]
[Date "2004.12.24"]
[Round "1"]
[White "Alopinto"]
[Black "catalan"]
[Result "1-0"]
[WhiteElo "1638"]
[BlackElo "1567"]

1. e4 c5 2. Nc3 g6 3. Nf3 Nc6 4. d4 cxd4 5. Nxd4 Bg7 6. Be3 e5 7. Ndb5 Bf8 8.
Nd5 Bb4+ 9. c3 Ba5 10. Bc5 Nge7 11. Nxe7 Nxe7 12. Nd6+ Kf8 13. Qb3 b6 14. Qxf7#
1-0

[Event "AUTO-ADV-09"]
[Site "http://www.queenalice.com/game.php?id=3071"]
[Date "2004.12.24"]
[Round "1"]
[White "catalan"]
[Black "Alopinto"]
[Result "0-1"]
[WhiteElo "1559"]
[BlackElo "1677"]

1. e4 e6 2. Nc3 d5 3. exd5 exd5 4. d4 Bb4 5. Bd2 Nc6 6. Bb5 Ne7 7. Nf3 Bg4 8. h3
Bh5 9. Qe2 O-O 10. g4 Bg6 11. h4 Bxc2 12. Bd3 Bxd3 13. Qxd3 Re8 14. O-O-O Bxc3
15. Bxc3 Qd6 16. Ng5 Qh6 17. Qf3 f6 18. Qd3 fxg5 0-1

[Event "AUTO-ADV-09"]
[Site "http://www.queenalice.com/game.php?id=3713"]
[Date "2005.1.12"]
[Round "2"]
[White "Alopinto"]
[Black "mandaragit"]
[Result "1/2-1/2"]
[WhiteElo "1682"]
[BlackElo "1881"]

1. e4 e6 2. d4 d5 3. Nc3 Nf6 4. Bg5 Bb4 5. e5 h6 6. Bd2 Bxc3 7. bxc3 Ne4 8. Qg4
Kf8 9. Bd3 Nxd2 10. Kxd2 c5 11. h4 c4 12. Bf1 Nc6 13. Ne2 b5 14. a3 a5 15. Rb1
Rb8 16. Nf4 Qe7 17. Rh3 b4 18. cxb4 axb4 19. Rf3 Kg8 20. Nh5 g6 21. Nf6+ Kf8 22.
axb4 Rxb4 23. Ra1 c3+ 24. Rxc3 Bb7 25. Qg3 Rxd4+ 26. Kc1 Rb4 27. Ba6 1/2-1/2

[Event "AUTO-ADV-09"]
[Site "http://www.queenalice.com/game.php?id=3714"]
[Date "2005.1.12"]
[Round "2"]
[White "mandaragit"]
[Black "Alopinto"]
[Result "1/2-1/2"]
[WhiteElo "1895"]
[BlackElo "1694"]

1. d4 Nf6 2. c4 g6 3. Nc3 d5 4. Nf3 Bg7 5. Bf4 O-O 6. Rc1 dxc4 7. e3 c5 8. Bxc4
Qa5 9. O-O cxd4 10. exd4 Bg4 11. h3 Bxf3 12. Qxf3 Nc6 13. d5 Nd4 14. Qd3 Nf5 15.
Rfe1 Rfe8 16. Nb5 Rac8 17. d6 Nxd6 18. Bxd6 exd6 19. Rxe8+ Rxe8 20. Nxd6 Re1+
21. Rxe1 Qxe1+ 22. Qf1 Qb4 23. Nxf7 Qxb2 24. Qd1 Qb6 25. Ng5+ Kf8 26. Ne6+ Kg8
27. Nxg7+ Kxg7 28. Qe2 Qb1+ 29. Qf1 1/2-1/2

[Event "Challenge"]
[Site "http://www.queenalice.com/game.php?id=4668"]
[Date "2005.2.3"]
[Round "-"]
[White "EdoVillarroel"]
[Black "Alopinto"]
[Result "0-1"]
[WhiteElo "1577"]
[BlackElo "1738"]

1. e4 c5 2. c3 Nf6 3. e5 Nd5 4. d4 cxd4 5. cxd4 d6 6. Nf3 Nc6 7. Nc3 dxe5 8.
dxe5 Nxc3 9. Qxd8+ Nxd8 10. bxc3 Bd7 11. Ba3 Rc8 12. Rc1 g6 13. Be2 Bc6 14. O-O
Bh6 15. Rcd1 Ba4 16. Rd3 Bb5 17. Rxd8+ Rxd8 18. Bxb5+ Kf8 19. Nd4 a6 20. Ba4 Rd5
21. e6 Ra5 22. Bb3 Rxa3 23. exf7 Rxb3 24. axb3 Kxf7 25. g3 Rd8 26. Re1 Bd2 27.
Ne6 Rc8 28. Re2 Bxc3 29. Ng5+ Kg7 30. Rxe7+ Kf6 31. Rxh7 Kxg5 32. Rxb7 a5 33.
Rb5+ Kh6 34. g4 Bb4 35. Re5 Rc3 36. Re3 Kg5 37. Rxc3 Bxc3 38. f3 Kf4 39. Kg2 g5
40. Kf2 Bb4 41. Ke2 Bc5 42. Kf1 Kxf3 43. h4 gxh4 44. g5 h3 0-1

[Event "Challenge"]
[Site "http://www.queenalice.com/game.php?id=4669"]
[Date "2005.2.3"]
[Round "-"]
[White "Alopinto"]
[Black "EdoVillarroel"]
[Result "1-0"]
[WhiteElo "1711"]
[BlackElo "1600"]

1. e4 e6 2. Nc3 d5 3. Nf3 c5 4. d4 Nf6 5. e5 Nfd7 6. dxc5 Bxc5 7. Bd3 Nc6 8. Bf4
Nb4 9. O-O f5 10. exf6 Nxf6 11. a3 Nxd3 12. cxd3 O-O 13. d4 Be7 14. Rc1 b6 15.
Re1 Ne4 16. Bc7 Qxc7 17. Nxe4 Qf4 18. Ng3 g5 19. Qe2 g4 20. Ne5 Qxd4 21. Nc6 Qg7
22. Nh5 Qg5 23. Nxe7+ Qxe7 24. Qxg4+ Kf7 25. Rc7 Bd7 26. Rxe6 Bxe6 27. Qg7+ 1-0

[Event "Challenge"]
[Site "http://www.queenalice.com/game.php?id=6182"]
[Date "2005.3.3"]
[Round "-"]
[White "jimwilson"]
[Black "Alopinto"]
[Result "0-1"]
[WhiteElo "1582"]
[BlackElo "1759"]

1. d4 Nf6 2. c4 g6 3. Nc3 d5 4. e3 Bg7 5. Bd3 O-O 6. Nge2 c5 7. O-O cxd4 8. Nxd4
e5 9. Nc2 dxc4 10. Bxc4 Qc7 11. Bd3 Rd8 12. Qe2 Nc6 13. Rd1 a6 14. e4 Be6 15.
Bg5 Nd4 16. Qd2 Bc4 17. Nd5 Bxd5 18. Nxd4 Bxe4 19. Rac1 Qb6 20. Bxf6 Rxd4 21.
Bxg7 Kxg7 22. Qe3 Rad8 23. h3 Qxb2 24. Rc2 Qa3 25. Rb1 Qxd3 0-1

[Event "Challenge"]
[Site "http://www.queenalice.com/game.php?id=6183"]
[Date "2005.3.3"]
[Round "-"]
[White "Alopinto"]
[Black "jimwilson"]
[Result "0-1"]
[WhiteElo "1768"]
[BlackElo "1573"]

1. e4 c6 2. Nc3 d5 3. Nf3 Bg4 4. h3 Bh5 5. exd5 cxd5 6. Bb5+ Nc6 7. g4 Bg6 8.
Ne5 Qd6 9. d4 Nf6 10. Bf4 Nd7 11. Nxc6 Qxf4 12. Ne5 O-O-O 13. Nxd7 Rxd7 14.
Bxd7+ Kxd7 15. Qe2 e6 16. Rd1 a6 17. f3 Bb4 18. O-O h5 19. Qe5 Qxe5 20. dxe5
hxg4 21. hxg4 Bxc2 22. Rd2 Bg6 23. Rh2 Rg8 24. Rc1 Bc5 25. Kg2 Bd4 26. Rch1 Rc8
27. Rh8 Rc7 28. Re1 b5 29. Re2 b4 30. Nd1 Rc2 31. Rxc2 Bxc2 32. Rh1 Bxe5 33. Ne3
Bd3 34. Rd1 Bb5 35. b3 Kc6 36. Nc2 Kc5 37. Kf2 Bc3 0-1

[Event "Challenge"]
[Site "http://www.queenalice.com/game.php?id=6211"]
[Date "2005.3.4"]
[Round "-"]
[White "catalan"]
[Black "Alopinto"]
[Result "0-1"]
[WhiteElo "1553"]
[BlackElo "1748"]

1. e4 c5 2. c3 Nf6 3. e5 Nd5 4. Bc4 Nb6 5. Be2 d6 6. Nf3 Nc6 7. d4 cxd4 8. exd6
Qxd6 9. Nxd4 Nxd4 10. cxd4 Bd7 11. Nc3 Bc6 12. Bf3 Rd8 13. Bxc6+ Qxc6 14. O-O g6
15. Be3 Bg7 16. Ne2 O-O 17. Rc1 Qd7 18. Qd2 Nd5 19. Bh6 Rc8 20. Bxg7 Kxg7 21.
Qg5 h6 22. Qe5+ Kh7 23. Nc3 Nb4 24. Qe4 e6 25. a3 Nd5 26. Ne2 Rxc1 27. Rxc1 Rc8
28. Nc3 Qb5 29. Qc2 Qc4 30. Qd2 Rc7 31. g3 Rd7 32. Ne2 Qb3 33. Rc2 Qf3 34. h3 e5
35. Nc3 Ne7 36. Qe3 Qxe3 37. fxe3 exd4 38. Ne4 Kg7 39. exd4 Rxd4 40. Nf2 Nc6 41.
Kg2 Rd5 42. Kf3 Nd4 0-1

[Event "Challenge"]
[Site "http://www.queenalice.com/game.php?id=6693"]
[Date "2005.3.12"]
[Round "-"]
[White "EdoVillarroel"]
[Black "Alopinto"]
[Result "0-1"]
[WhiteElo "1610"]
[BlackElo "1756"]

1. e4 e6 2. d4 d5 3. Nc3 Bb4 4. e5 c5 5. Bd2 Ne7 6. Nb5 Bxd2+ 7. Qxd2 O-O 8.
dxc5 Nd7 9. Qc3 a6 10. Nd4 Nxe5 11. f4 N5c6 12. Ngf3 Ng6 13. g3 f6 14. Bh3 e5
15. Nxc6 bxc6 16. Bxc8 Qxc8 17. fxe5 fxe5 18. O-O-O e4 19. Ne5 Nxe5 20. Qxe5 Qd7
21. c4 Rae8 22. Qd6 Qb7 23. Rhf1 Rxf1 24. Rxf1 Qb4 25. Qxc6 Qxc4 26. Kd2 e3 27.
Ke1 Qc1 28. Ke2 Qd2 29. Kf3 Rf8 30. Kg4 Qe2 31. Kh4 Qxf1 32. Qxd5 Qf7 0-1

[Event "Challenge"]
[Site "http://www.queenalice.com/game.php?id=6694"]
[Date "2005.3.12"]
[Round "-"]
[White "Alopinto"]
[Black "EdoVillarroel"]
[Result "1/2-1/2"]
[WhiteElo "1766"]
[BlackElo "1600"]

1. e4 e6 2. d4 d5 3. Nc3 Bb4 4. e5 c5 5. Bd2 Ne7 6. Nb5 Bxd2+ 7. Qxd2 O-O 8. c3
cxd4 9. cxd4 Nbc6 10. f4 a6 11. Na3 Qb6 12. Nf3 Bd7 13. Bd3 Qb4 14. O-O-O Qxd2
15. Rxd2 Nb4 16. Kb1 Nxd3 17. Rxd3 f6 18. g3 fxe5 19. Nxe5 Be8 20. Rc3 Rc8 21.
Rhc1 Rxc3 22. Rxc3 Nf5 23. Nc2 Nd6 24. b3 Ne4 1/2-1/2

[Event "Challenge"]
[Site "http://www.queenalice.com/game.php?id=8162"]
[Date "2005.3.29"]
[Round "-"]
[White "EdoVillarroel"]
[Black "Alopinto"]
[Result "1-0"]
[WhiteElo "1664"]
[BlackElo "1737"]

1. e4 c5 2. c3 Nf6 3. e5 Nd5 4. d4 cxd4 5. cxd4 d6 6. Nf3 Nc6 7. Be2 dxe5 8. O-O
exd4 9. Nxd4 Nxd4 10. Qxd4 e6 11. Re1 Qb6 12. Qxb6 Nxb6 13. Nc3 Bb4 14. Bd2 Bd7
15. f4 O-O 16. Rac1 Na4 17. b3 Nxc3 18. Bxc3 Bxc3 19. Rxc3 Rac8 20. Rxc8 Rxc8
21. Bf3 Bc6 22. Rc1 1-0

[Event "Challenge"]
[Site "http://www.queenalice.com/game.php?id=8163"]
[Date "2005.3.29"]
[Round "-"]
[White "Alopinto"]
[Black "EdoVillarroel"]
[Result "1-0"]
[WhiteElo "1752"]
[BlackElo "1719"]

1. e4 e6 2. d4 d5 3. Nc3 Bb4 4. e5 c5 5. a3 Bxc3+ 6. bxc3 Ne7 7. Qg4 O-O 8. Bd3
f5 9. exf6 Rxf6 10. Bg5 Nd7 11. Qh4 h6 12. Bxf6 Nxf6 13. dxc5 e5 14. f3 Qa5 15.
Qb4 Qc7 16. Ne2 Nc6 17. Qh4 Ne7 18. O-O Qxc5+ 19. Kh1 e4 20. fxe4 dxe4 21. Bxe4
Qe5 22. Bd3 Bf5 23. Nd4 1-0